Statistics for Star Wars Last Names

Click here to take the quiz!

General Stats

  • This quiz has been taken 43 times
  • The average score is 17 of 40

Answer Stats

HintAnswer% Correct
AnakinSkywalker
100%
HanSolo
94%
KyloRen
90%
PadmeAmidala
84%
LandoCalrissian
81%
PoeDameron
81%
BailOrgana
77%
JynErso
71%
WedgeAntilles
68%
SheevPalpatine
68%
OwenLars
65%
KitFisto
61%
Salacious Crumb
52%
YaraelPoof
52%
RoseTico
52%
SawGerrera
48%
DexterJettster
48%
MazKanata
48%
MaxRebo
45%
WilhuffTarkin
45%
ColemanTrebor
45%
HondoOhnaka
42%
BiggsDarklighter
39%
HeraSyndulla
39%
ArmitageHux
32%
FinisValorum
29%
LuxBonteri
26%
IdenVersio
23%
TionMedon
19%
RioDurant
13%
RugorNass
13%
RaeSloane
13%
OsiSobeck
13%
ChelliAphra
10%
EliVanto
10%
GreezDritus
6%
ThaneKyrell
6%
BrunoDenturri
3%
JoraMalli
3%
KooMillham
3%

Score Distribution

Percentile by Number Answered

Percent of People with Each Score

Your Score History

You have not taken this quiz